007270000a22001810004500003001100000008004100011040003900052041000800091100004500099245016600144260008500310300001000395650001500405700002400420942000700444952007900451999001500530LK-CoMWRAF230817t ||||| |||| 00| 0 eng d aLK-CoMWRAFdLK-CoMWRAFeLK-CoMWRAF aeng aEffendi, Mohamed Sameer Bin Haji Ismail  aNam Munnor (Personages of the past)b(Sri Lankavin Kadantha Kaala Sonagar, Malayar, Mattrum Muslimgal) (Moors, Malays and other Muslims of the past of Sri Lanka) bYonaka Islamiya Kalasara Nilaiyam (Moors Islamic Cultural Home)aSri Lankac1979 ap.172 aTamil Text aZahir,, M.C.M.eed. cBK 00104070aMAINbMAINd2023-08-17l0p0003435r2023-08-17w2023-08-17yBK c2316d2316